Skład Liverpoolu na sezon 2022/23 - Statystyki

Ogólne statystyki
  • Ten quiz został rozwiązany 374 razy
  • Średni wynik to 18 z 29
Statystyki odpowiedzi
Pozycja Zawodnik % Poprawnych
Bramkarz Alisson
98%
Prawy skrzydłowy Mohamed Salah
95%
Środkowy obrońca Virgil van Dijk
95%
Prawy obrońca Trent Alexander-Arnold
94%
Lewy obrońca Andrew Robertson
93%
Środkowy obrońca Joe Gomez
83%
Środkowy obrońca Joel Matip
83%
Defensywny pomocnik Fabinho
82%
Napastnik David Nunez
81%
Środkowy pomocnik Jordan Henderson
80%
Napastnik Roberto Firmino
80%
Środkowy obrońca Ibrahima Konate
76%
Lewy skrzydłowy Luis Diaz
72%
Napastnik Diogo Jota
69%
Środkowy pomocnik Thiago
69%
Środkowy pomocnik James Milner
68%
Bramkarz Adrian
66%
Lewy obrońca Konstantinos Tsimikas
66%
Bramkarz Caomhin Kelleher
60%
Środkowy pomocnik Naby Keita
49%
Prawy skrzydłowy Harvey Eliott
46%
Środkowy obrońca Nathaniel Phillips
42%
Środkowy pomocnik Curtis Jones
41%
Ofensywny pomocnik Fabio Carvalho
38%
Środkowy obrońca Rhys Williams
28%
Prawy obrońca Calvin Ramsey
26%
Środkowy obrońca Sepp van den Berg
10%
Środkowy pomocnik Alex Oxlade-Chambarlain
3%
Środkowy obrońca Ben Davies
3%
Nie znaleziono quizów pasujących do podanych kryteriów
Rozkład punktacji
Procent ludzi z każdym wynikiem
Percentyl według liczby udzielonych odpowiedzi
Twoja historia wyników
Nie rozwiązałeś tego quizu